000
00212nam a2200085Ia 4500
008
200302s9999 xx 000 0 und d
100
_a
Ahmed A. Kasu
245
_a
Interir Design
260
_b
Ashish Book Centre Published
999
_c
5111
_d
5111